000 00792nam a2200217Ii 4500
003 JO-AjNU
008 230605s9999||||xx |||||||||||||| ||und||
040 _aJO-AjNU
_bara
_erda
_cJO-AjNU
041 _aara
050 1 4 _aJX1416.C46.1993
100 3 _a تشومسكي ، ناعوم ؛ ترجمة ، موسى برهوم ,
_eauthor
_948506
245 0 0 _aما الذي يريده العم سام حقا
250 _aط1
264 3 1 _aعمان : دار الفكر ، 1993
300 _a118ص
336 _atext
_btxt
_2rdacontent
337 _aunmediated
_bn
_2rdamedia
338 _avolume
_bnc
_2rdacarrier
490 0 _aسلسلة القصص الحقيقية 
650 4 _aالسياسة الدولية -- امريكا -- الولايات المتحدة الامريكية --
_948507
999 _aA21247
_c24815
_d24815